<?xml version='1.0' encoding='UTF-8'?>
  <record xmlns="http://www.loc.gov/MARC21/slim">
    <leader>00000nem a2200000 i 4500</leader>
    <controlfield tag="001">ocn980452544</controlfield>
    <controlfield tag="003">OCoLC</controlfield>
    <controlfield tag="005">20250124152413.4</controlfield>
    <controlfield tag="008">020213s1788    fr        a     0 z fre d</controlfield>
    <datafield tag="040" ind1=" " ind2=" ">
      <subfield code="a">QGJ</subfield>
      <subfield code="b">dut</subfield>
      <subfield code="c">QGJ</subfield>
      <subfield code="d">OCLCO</subfield>
      <subfield code="d">OCLCL</subfield>
      <subfield code="d">OCLCQ</subfield>
    </datafield>
    <datafield tag="035" ind1=" " ind2=" ">
      <subfield code="a">(OCoLC)980452544</subfield>
    </datafield>
    <datafield tag="100" ind1="1" ind2=" ">
      <subfield code="a">Cassini, Giovanni Domenico,</subfield>
      <subfield code="d">1625-1712.</subfield>
      <subfield code="1">https://id.oclc.org/worldcat/entity/E39PBJcC3JRgbWXQYHTx4gy8G3</subfield>
    </datafield>
    <datafield tag="245" ind1="1" ind2="0">
      <subfield code="a">Réduction de la grande carte de la lune de J. Dom. Cassini /</subfield>
      <subfield code="c">[publ. par J.-D. Cassini IV] :</subfield>
      <subfield code="b">[grav. par Jean-François Janinet].</subfield>
    </datafield>
    <datafield tag="264" ind1=" " ind2="1">
      <subfield code="a">[Paris] :</subfield>
      <subfield code="b">[Dezauche Géographe],</subfield>
      <subfield code="c">[1788]</subfield>
    </datafield>
    <datafield tag="300" ind1=" " ind2=" ">
      <subfield code="a">1 krt.) :</subfield>
      <subfield code="b">kopergrav. ;</subfield>
      <subfield code="c">31 x 23 cm (diameter maanschijf = 17,6 cm)</subfield>
    </datafield>
    <datafield tag="336" ind1=" " ind2=" ">
      <subfield code="a">cartographic image</subfield>
      <subfield code="b">cri</subfield>
      <subfield code="2">rdacontent</subfield>
    </datafield>
    <datafield tag="337" ind1=" " ind2=" ">
      <subfield code="a">unmediated</subfield>
      <subfield code="b">n</subfield>
      <subfield code="2">rdamedia</subfield>
    </datafield>
    <datafield tag="338" ind1=" " ind2=" ">
      <subfield code="a">sheet</subfield>
      <subfield code="b">nb</subfield>
      <subfield code="2">rdacarrier</subfield>
    </datafield>
    <datafield tag="500" ind1=" " ind2=" ">
      <subfield code="a">Avec note postérieure au 13 mars 1788.</subfield>
    </datafield>
    <datafield tag="500" ind1=" " ind2=" ">
      <subfield code="a">Verkleinde versie van de grote maankaart uit 1679 van Jean-Dominique Cassini, in 1788 uitgebracht door Jean [ook Jacques] Dominique Comte de Cassini (1748-1845), vaak aangeduid als Cassini IV. Gegraveerd door Jean-François Janinet (1752-1814) en gedrukt in een oplage van 364 exemplaren.</subfield>
    </datafield>
    <datafield tag="500" ind1=" " ind2=" ">
      <subfield code="a">De gegraveerde tekst rechts beschrijft de geschiedenis van Cassini’s grote maankaart maar bevat enkele onjuistheden die tot op de dag van vandaag nog vaak in de literatuur herhaald worden.</subfield>
    </datafield>
    <datafield tag="650" ind1=" " ind2="7">
      <subfield code="a">Maan.</subfield>
      <subfield code="0">(NL-LeOCL)078580242.</subfield>
      <subfield code="2">gtt</subfield>
    </datafield>
    <datafield tag="700" ind1="1" ind2=" ">
      <subfield code="a">Cassini, Jean Dominique de,</subfield>
      <subfield code="d">1748-1845.</subfield>
    </datafield>
    <datafield tag="700" ind1="1" ind2=" ">
      <subfield code="a">Janinet, Jean-François,</subfield>
      <subfield code="d">1752-1814.</subfield>
    </datafield>
    <datafield tag="758" ind1=" " ind2=" ">
      <subfield code="a">Réduction de la grande carte de la lune de J. Dom. Cassini (CartographicMaterial)</subfield>
      <subfield code="1">https://id.oclc.org/worldcat/entity/E39PD3gJmXvgwQTvdkkH8PG9rC</subfield>
      <subfield code="4">https://id.oclc.org/worldcat/ontology/hasWork</subfield>
    </datafield>
    <datafield tag="856" ind1="4" ind2="1">
      <subfield code="u">http://objects.library.uu.nl/reader/resolver.php?obj=002336776&amp;type=2</subfield>
      <subfield code="x">Online</subfield>
      <subfield code="z">Map</subfield>
    </datafield>
    <datafield tag="936" ind1=" " ind2=" ">
      <subfield code="a">BATCHLOAD</subfield>
    </datafield>
  </record>